000
00350nam a2200145Ia 4500
008
230718s9999 xx 000 0 und d
041
_a
Eng.
082
_a
348.549
_b
ALL-A
100
_a
ALL INDIAN REPEATER
245
0
_a
ALL INDIAN REPEATER 2011
260
_a
Pakistan
_b
Pakistan Law Decision
_c
2011
300
_a
960
650
_a
Law
999
_c
27697
_d
27697